00489 a2200169 4500001000700000020001800007040003500025100001800060240003800078245003300116300001100149362000900160697001700169942000700186952010700193999001900300157023 a9788590695004 cEscola São Tomás de Aquino aMEIER, Marcos10aMediação da aprendizagemlpor10aMediação da aprendizagem a212 p.0 a2007 aEducação cBK 00104070a12.22b12.22d2024-04-30l0o370 MEI MEDpEST00011670r2024-04-30 22:14:27w2024-04-30yBK c157023d157023